ნორმალური ფორმატი
MARC ფორმატი
ჩანაწერი Personal Name
ჩანაწერთა რაოდენობა, რომელიც გამოყენებულია: 4
001 - CONTROL NUMBER
- control field: 16987
003 - CONTROL NUMBER IDENTIFIER
- control field: GE_BSU
005 - DATE AND TIME OF LATEST TRANSACTION
- control field: 20230221105238.0
008 - FIXED-LENGTH DATA ELEMENTS
- fixed length control field: 230221|| aca||aabn | a|a d
040 ## - CATALOGING SOURCE
- Original cataloging agency: GE_BSU
- Transcribing agency: GE_BSU
100 ## - HEADING--PERSONAL NAME
- Personal name: კილაძე, რამაზ
- Relator term: რედაქტორი
670 ## - SOURCE DATA FOUND
- Source citation: Work cat.: (GE_BSU): ქობალია, ვ 16986, სუბტროპიკულ მცენარეთა ზოგადი სელექცია, მეთესლეობა და ჯიშთმცოდნეობა /
